UBT Library

Psychiatric-mental health nursing : (Record no. 47289)

000 -LEADER
fixed length control field 00795cam a22002778a 4500
001 - CONTROL NUMBER
control field 17314386
005 - DATE AND TIME OF LATEST TRANSACTION
control field 20180823083526.0
008 - FIXED-LENGTH DATA ELEMENTS--GENERAL INFORMATION
fixed length control field 120521s2013 pau b 001 0 eng
010 ## - LIBRARY OF CONGRESS CONTROL NUMBER
LC control number 2012020808
020 ## - INTERNATIONAL STANDARD BOOK NUMBER
International Standard Book Number 9781609137083 (alk. paper)
035 ## - SYSTEM CONTROL NUMBER
System control number (DNLM)101584651
040 ## - CATALOGING SOURCE
Original cataloging agency DNLM/DLC
Transcribing agency DLC
041 ## - LANGUAGE CODE
Language code of text/sound track or separate title eng
042 ## - AUTHENTICATION CODE
Authentication code pcc
060 10 - NATIONAL LIBRARY OF MEDICINE CALL NUMBER
Classification number WY 160
080 ## - UNIVERSAL DECIMAL CLASSIFICATION NUMBER
Universal Decimal Classification number 616.890231
082 00 - DEWEY DECIMAL CLASSIFICATION NUMBER
Classification number 616.890231
Edition number 23
100 ## - Rafti
Rafti 2
101 ## - Shkurtesa
Shkurtesa NUR
245 00 - TITLE STATEMENT
Title Psychiatric-mental health nursing :
Statement of responsibility, etc editor, Wanda K. Mohr.
263 ## - PROJECTED PUBLICATION DATE
Projected publication date 1111
504 ## - BIBLIOGRAPHY, ETC. NOTE
Bibliography, etc Includes bibliographical references and index.
906 ## - LOCAL DATA ELEMENT F, LDF (RLIN)
a 0
b vip
c orignew
d 1
e ecip
f 20
g y-gencatlg
942 ## - ADDED ENTRY ELEMENTS (KOHA)
Source of classification or shelving scheme
Item type Books
Holdings
Withdrawn status Lost status Source of classification or shelving scheme Damaged status Not for loan Collection code Permanent location Current location Shelving location Date acquired Total Checkouts Full call number Barcode Date last seen Price effective from Koha item type
          Koleksioni i përgjithshem UBT - Lipjan UBT - Lipjan Koleksioni i përgjithshem 08/23/2018   616.890231 MOH 002-3012034 08/23/2018 08/23/2018 Books
          Koleksioni i përgjithshem UBT - Lipjan UBT - Lipjan   10/06/2022   610.73 MOH 002-800028700111 10/06/2022 10/06/2022 Books
          Koleksioni i përgjithshem UBT - Lipjan UBT - Lipjan   11/16/2022   610.73 MOH 002-800028700260687 11/16/2022 11/16/2022 Books
UBT Library © 2015-2024. All rights reserved University Education for Business and Technology